000
00226 a2200085 4500
020
_a
9781941806197
100
_a
Vinayak Bharne and Shyam Khandekar (Editor)
245
_a
Affordable Housing: Inclusive Cities
260
_c
2019
999
_c
13277
_d
13277